FMD interim contingency plan (Record no. 69781)

MARC details
000 -LEADER
fixed length control field 00923cam a2200193 4500
001 - CONTROL NUMBER
control field WB3810-27
008 - FIXED-LENGTH DATA ELEMENTS--GENERAL INFORMATION
fixed length control field 020314n2002 000 0 eng u
035 ## - SYSTEM CONTROL NUMBER
System control number (Sirsi) u117127
245 ## - TITLE STATEMENT
Title FMD interim contingency plan
260 ## - PUBLICATION, DISTRIBUTION, ETC.
Date of publication, distribution, etc. 2002
490 ## - SERIES STATEMENT
Series statement DEFRA News Release
Volume/sequential designation (96/02) 12 March 2002, (1)
520 ## - SUMMARY, ETC.
Summary, etc. A draft interim contingency plan outlining the operational response to a future outbreak of foot and mouth disease (FMD) has been made available for discussion on DEFRA's website at http://www.defra.gov.ukl/footandmouth/disease/index.htm. Animal Health Minister Elliot Morley confirmed that the outcome of the two inquiries into the FMD outbreak will be crucial in preparing a response to a future outbreak. http://www.defra.gov.uk/news/2002/020312c.htm
590 ## - LOCAL NOTE (RLIN)
Local note WB
650 ## - SUBJECT ADDED ENTRY--TOPICAL TERM
Topical term or geographic name entry element FOOT-AND-MOUTH DISEASE
650 ## - SUBJECT ADDED ENTRY--TOPICAL TERM
Topical term or geographic name entry element DEFRA
650 ## - SUBJECT ADDED ENTRY--TOPICAL TERM
Topical term or geographic name entry element CONTINGENCY PLANS
690 ## - LOCAL SUBJECT ADDED ENTRY--TOPICAL TERM (OCLC, RLIN)
Topical term or geographic name as entry element Rural
9 (RLIN) 6268
942 ## - ADDED ENTRY ELEMENTS (KOHA)
Suppress in OPAC 0
Holdings
Withdrawn status Lost status Source of classification or shelving scheme Damaged status Not for loan Home library Current library Shelving location Date acquired Total Checkouts Full call number Barcode Date last seen Copy number Price effective from Koha item type
    Dewey Decimal Classification     London London News article 14/03/2002   WB3810-27 117127-1001 06/08/2019 1 06/08/2019 News article